LIBRARY & INFORMATION CENTRE, KCAET, TAVANUR

ONLINE PUBLIC ACCESS CATALOGUE (OPAC)

Food Process Engineering (Record no. 14106)

MARC details
000 -LEADER
fixed length control field 00356nam a22001457a 4500
020 ## - INTERNATIONAL STANDARD BOOK NUMBER
ISBN 9789027706058
082 ## - DEWEY DECIMAL CLASSIFICATION NUMBER
Classification number 664
Item number LEN/FO
100 ## - MAIN ENTRY--AUTHOR NAME
Personal name Leniger, H .A
245 ## - TITLE STATEMENT
Title Food Process Engineering
260 ## - PUBLICATION, DISTRIBUTION, ETC. (IMPRINT)
Place of publication Holland
Name of publisher D. Reidel Publishing
Year of publication 1975
300 ## - PHYSICAL DESCRIPTION
Number of Pages 552
650 ## - SUBJECT ADDED ENTRY--TOPICAL TERM
Topical Term Food Engineering
700 ## - ADDED ENTRY--PERSONAL NAME
Personal name Beverloo, W.A
942 ## - ADDED ENTRY ELEMENTS (KOHA)
Koha item type Books
Holdings
Withdrawn status Lost status Damaged status Collection code Home library Current library Shelving location Date acquired Full call number Accession Number Koha item type Source of acquisition Cost, normal purchase price
        KAUAET KAUAET General Stacks 04/12/2014 664.024 LEN/FO 24478 Books    
        KAUAET KAUAET General Stacks 04/12/2014 664.024 LEN/FO 24479 Books Neoti Book Agency, 0.00
        KAUAET KAUAET General Stacks 04/12/2014 664.024 LEN/FO 24477 Books Neoti Book Agency, 0.00
free website counter